00604nam a2200193Ia 4500008004100000020001500041082001700056100002300073245004100096250000700137260004200144300002200186500001900208600002700227650001500254942000700269952011900276999001500395240925s9999 xx 000 0 und d a8178085607 a621.3851 STA aStallings, William 0aWireless Communications and Networks aNA aSingapore:bPearson educationc,2005. axix,372p.bNAfNA aIncludes Index aElectronic Engineering aTechnology cBK 001040708ELaUITUbUITUd2005-06-07eF.B.Cg500.00l0o621.3851 STApQ6246r2024-09-25 07:14:09w2024-09-25yBK c8745d8745